000
00289nam a22001217a 4500
008
170302b xxu||||| |||| 00| 0 eng d
041
_a
eng
080
_2
12 ED
_a
616.073
100
_a
6
101
_a
SHM
245
_a
PRINCIPLES CLINICAL ELECTROCARDIOGRAPHY
_c
GOLDMAN.M/J
942
_2
udc
_c
BK
999
_c
6559
_d
6559